<?xml version="1.0" encoding="UTF-8"?>
<record
    xmlns:xsi="http://www.w3.org/2001/XMLSchema-instance"
    xsi:schemaLocation="http://www.loc.gov/MARC21/slim http://www.loc.gov/standards/marcxml/schema/MARC21slim.xsd"
    xmlns="http://www.loc.gov/MARC21/slim">

  <leader>04455nam a2200397 a 4500</leader>
  <controlfield tag="001">ebr10657806</controlfield>
  <controlfield tag="003">CaPaEBR</controlfield>
  <controlfield tag="006">m        u        </controlfield>
  <controlfield tag="007">cr cn|||||||||</controlfield>
  <controlfield tag="008">090514s2010    enka    sb    001 0 eng d</controlfield>
  <datafield tag="010" ind1=" " ind2=" ">
    <subfield code="z">  2009020231</subfield>
  </datafield>
  <datafield tag="020" ind1=" " ind2=" ">
    <subfield code="z">1848210736</subfield>
  </datafield>
  <datafield tag="020" ind1=" " ind2=" ">
    <subfield code="z">9781848210738</subfield>
  </datafield>
  <datafield tag="020" ind1=" " ind2=" ">
    <subfield code="z">9780470394236 (e-book)</subfield>
  </datafield>
  <datafield tag="040" ind1=" " ind2=" ">
    <subfield code="a">CaPaEBR</subfield>
    <subfield code="c">CaPaEBR</subfield>
  </datafield>
  <datafield tag="035" ind1=" " ind2=" ">
    <subfield code="a">(OCoLC)827235497</subfield>
  </datafield>
  <datafield tag="041" ind1="1" ind2=" ">
    <subfield code="a">eng</subfield>
    <subfield code="h">fre</subfield>
  </datafield>
  <datafield tag="050" ind1="1" ind2="4">
    <subfield code="a">H61.3</subfield>
    <subfield code="b">.H8613 2010eb</subfield>
  </datafield>
  <datafield tag="082" ind1="0" ind2="4">
    <subfield code="a">303.48/33</subfield>
    <subfield code="2">22</subfield>
  </datafield>
  <datafield tag="130" ind1="0" ind2=" ">
    <subfield code="a">Humanit&#xFFFD;es num&#xFFFD;eriques.</subfield>
    <subfield code="l">English.</subfield>
  </datafield>
  <datafield tag="245" ind1="1" ind2="0">
    <subfield code="a">Digital cognitive technologies</subfield>
    <subfield code="h">[electronic resource] :</subfield>
    <subfield code="b">epistemology and the knowledge economy /</subfield>
    <subfield code="c">edited by Bernard Reber, Claire Brossaud.</subfield>
  </datafield>
  <datafield tag="260" ind1=" " ind2=" ">
    <subfield code="a">London :</subfield>
    <subfield code="b">ISTE ;</subfield>
    <subfield code="a">Hoboken, N.J. :</subfield>
    <subfield code="b">Wiley,</subfield>
    <subfield code="c">2010.</subfield>
  </datafield>
  <datafield tag="300" ind1=" " ind2=" ">
    <subfield code="a">xxx, 408 p. :</subfield>
    <subfield code="b">ill.</subfield>
  </datafield>
  <datafield tag="504" ind1=" " ind2=" ">
    <subfield code="a">Includes bibliographical references and index.</subfield>
  </datafield>
  <datafield tag="505" ind1="0" ind2=" ">
    <subfield code="a">Preface. The new manufacturing of SHS / Dominique BOULLIER -- Introduction / Claire BROSSAUD &amp; Bernard REBER -- PART I. CAN ICT TELL HISTORY?: 1. Elements for a digital historiography / Andrea IACOVELLA -- 2. "In search of real time" or Man facing the desire and duty of speed / Luc BONNEVILLE &amp; Sylvie GROSJEAN -- 3. Narrativity against temporality : computerized handling of histories / Eddie SOULIER -- PART II. HOW TO LOCATE ONESELF IN THE AREA OF ICT?: 4. Are virtual maps used for orientation? / Alain MILON -- 5. From denial of the territory to geocyberspace: towards an integrated approach of the relationship between space and ICT / Henry BAKIS &amp; Philippe VIDAL -- 6. Mapping of the public space on the Web using Issuecrawler / Richard ROGERS -- PART III. ICT: A WORLD OF NETWORKS?: 7. Metrology of Internet networks / Nicolas LARRIEU &amp; Philippe OWEZARSKI -- 8. Networks of relations on the Internet: a research object for information technology and social sciences / Dominique CARDON &amp; Christophe PRIEUR -- 9. Analysis of heterogeneous networks: the ReseauLu project / Alberto CAMBROSIO, Pascal COTTEREAU, Stefan POPOWYCZ, Andrei MOGOUTOV &amp; Tania VICHNEVSKAIA -- PART IV. COMPUTERIZED PROCESSING OF SPEECHES AND -- Hyperdocuments: what are the methodological consequences?: 10. hypertext, an intellectual technology in the era of complexity / Jean CLEMENT -- 11. Short history of software resources at the service of qualitative sociology / Christophe LEJEUNE -- 12. Peuples des eaux, gens des iles (Water people, islanders): hypertext and people without writing / Pierre MARANDA -- PART V. ICT TO SUPPORT PLURALISM OF INTERPRETATIONS?: 13. Semantic Web and ontologies / Philippe LAUBLET -- 14. Interrelations between analysis types and interpretation types / Karl M. VAN METER -- 15. Pluralism and plurality of interpretations / Francois DAOUST &amp; Jules DUCHASTEL -- PART VI. DISTANCE COOPERATION?: 16. A communicational and documentary theory of ICT / Manuel ZACKLAD -- 17. Knowledge distributed by ICT: how do communication networks modify epistemic networks? / Bernard CONEIN -- 18. Towards new links between HSS and Computer Science: the CoolDev project / Gregory BOURGUIN &amp; Arnaud LEWANDOWSKI -- PART VII. TOWARDS RENEWED POLITICAL LIFE AND CITIZENSHIP: 19. Electronic voting and computer security / Stephan BRUNESSAUX -- 20. Politicization of sociotechnical spaces of collective cognition: the practice of public wikis / Serge PROULX &amp; Anne GOLDENBERG -- 21. Liasing using a multi-agent system / Maxime MORGE -- PART VIII. IS " SOCIO-INFORMATICS " POSSIBLE?: 22. Elements for socio-informatics / William TURNER -- 23. Limitations of computerization of sciences of man and society/ Thierry FOUCART -- 24. Internet in the process of data collection and dissemination / Gael GUEGUEN and Said YAMI -- Conclusion / Bernard REBER and Claire BROSSAUD -- Postscript. Computer science and humanities / Roberto BUSA -- Index.</subfield>
  </datafield>
  <datafield tag="533" ind1=" " ind2=" ">
    <subfield code="a">Electronic reproduction.</subfield>
    <subfield code="b">Palo Alto, Calif. :</subfield>
    <subfield code="c">ebrary,</subfield>
    <subfield code="d">2013.</subfield>
    <subfield code="n">Available via World Wide Web.</subfield>
    <subfield code="n">Access may be limited to ebrary affiliated libraries.</subfield>
  </datafield>
  <datafield tag="546" ind1=" " ind2=" ">
    <subfield code="a">Translated from French.</subfield>
  </datafield>
  <datafield tag="650" ind1=" " ind2="0">
    <subfield code="a">Social sciences</subfield>
    <subfield code="x">Information services.</subfield>
  </datafield>
  <datafield tag="650" ind1=" " ind2="0">
    <subfield code="a">Social sciences</subfield>
    <subfield code="x">Data processing.</subfield>
  </datafield>
  <datafield tag="650" ind1=" " ind2="0">
    <subfield code="a">Communication in the social sciences.</subfield>
  </datafield>
  <datafield tag="655" ind1=" " ind2="7">
    <subfield code="a">Electronic books.</subfield>
    <subfield code="2">local</subfield>
  </datafield>
  <datafield tag="700" ind1="1" ind2=" ">
    <subfield code="a">Reber, Bernard.</subfield>
  </datafield>
  <datafield tag="700" ind1="1" ind2=" ">
    <subfield code="a">Brossaud, Claire.</subfield>
  </datafield>
  <datafield tag="710" ind1="2" ind2=" ">
    <subfield code="a">ebrary, Inc.</subfield>
  </datafield>
  <datafield tag="856" ind1="4" ind2="0">
    <subfield code="u">http://site.ebrary.com/lib/rucke/Doc?id=10657806</subfield>
    <subfield code="z">An electronic book accessible through the World Wide Web; click to view</subfield>
  </datafield>
  <datafield tag="999" ind1=" " ind2=" ">
    <subfield code="c">168075</subfield>
    <subfield code="d">168075</subfield>
  </datafield>
</record>
